000 00767nam a2200325Ia 4500
001 55786
003 126641
005 20250128062602.0
008 ||||||n9999 ||| || ||
020 _a9583501506
041 _aspa
082 _221
_a323448
100 _aFrosini, Vittorio
_99789
245 0 _aDerechos humanos y bioética
260 _aBogotá :
_bTemis,
_c1997.
300 _a234p.
562 _e2
650 _aAVANCE TECNOLOGICO
_969585
650 0 _aCambio social
_91896
650 0 _aDerechos humanos
_92723
650 0 _aÉtica profesional
_912492
650 _aEVOLUCIÓN HISTÓRICA
_98015
942 _cBKM
999 _c55786
_d55786
526 _a105630
526 _a1698
526 _a4969
526 _a51868
526 _a1703
526 _a1697